Заметка об острове Паргас (в Финляндии): с одной таблицей рисунков

Detalhes bibliográficos
Autor principal: Сущинский П. П. Петр Петрович
Resumo:Текст в русской дореформенной орфографии
Печатано по распоряжению Императорского С.-Петербургского Общества Естествоиспытателей
Idioma:russo
alemão
Publicado em: Санкт-Петербург, Типография М. Меркушева, 1905
Colecção:Труды Императорского С.-Петербургского Общества Естествоиспытателей Т. 23, вып. 5
Assuntos:
Formato: Livro
KOHA link:https://koha.lib.tpu.ru/cgi-bin/koha/opac-detail.pl?biblionumber=358036

MARC

LEADER 00000nam0a2200000 4500
001 358036
005 20231102011043.0
035 |a (RuTPU)RU\TPU\retro\15304 
090 |a 358036 
100 |a 20200812d1905 km y0rusy50 ca 
101 0 |a rus  |a ger 
102 |a RU 
105 |a a z 001zy 
200 1 |a Заметка об острове Паргас (в Финляндии)  |e с одной таблицей рисунков  |f П. П. Сущинский  |d Notiz uber die Insel Pargas 
210 |a Санкт-Петербург  |c Типография М. Меркушева  |d 1905 
215 |a 16 с.  |c ил. 
225 1 |a Труды Императорского С.-Петербургского Общества Естествоиспытателей  |v Т. 23, вып. 5  |i Отд. геологии и минералогии 
300 |a Текст в русской дореформенной орфографии 
300 |a Печатано по распоряжению Императорского С.-Петербургского Общества Естествоиспытателей 
316 |5 63413507: 52//658  |a На обложке дарственная надпись: "Многоуважаемому Аркадию Валериановичу Лаврскому от автора" 
317 |5 63413507: 52//658  |a Поступил в НТБ в 1945 г. в составе книжного собрания профессора ТПИ А. В. Лаврского 
320 |a Библиография в ссылках 
510 1 |a Notiz uber die Insel Pargas  |z ger 
606 1 |a Горные породы  |x Минералогический анализ  |x (петрография)  |2 stltpush  |3 (RuTPU)RU\TPU\subj\7999  |9 35500 
610 1 |a минералы 
610 1 |a минералогические исследования 
610 1 |a Финляндия 
610 1 |a Паргас 
610 1 |a гранитоидные породы 
610 1 |a кварц-полевошпатовое сырье 
610 1 |a слюда 
610 1 |a граниты 
610 1 |a Коллекция А. В. Лаврского 
610 1 |a дарственные надписи 
610 1 |a дары автора 
675 |a 552.1  |v 4 
700 1 |a Сущинский  |b П. П.  |g Петр Петрович 
801 1 |a RU  |b 63413507  |c 20200812 
801 2 |a RU  |b 63413507  |c 20211119  |g RCR 
942 |c BK